| Tag |
First Indicator |
Second Indicator |
Subfields |
| LEADER |
00000cam a2200000 a 4500 |
| 001 |
in00001365421 |
| 005 |
20190914063254.0 |
| 007 |
hd afu---baca |
| 008 |
860815s1855 xx af a 000 0 eng d |
| 035 |
|
|
|a (OCoLC)14092515
|
| 035 |
|
|
|9 AHH6966AM
|
| 040 |
|
|
|a POG
|c POG
|d UtOrBLW
|
| 049 |
|
|
|a TXAI
|
| 090 |
|
|
|a PS586
|b .A450 pt. 3, no. 1769
|
| 099 |
|
|
|a film
|a B
|a 3870
|a Segment III, no. 1769)
|
| 100 |
1 |
|
|a Bradford, Sarah H.
|q (Sarah Hopkins),
|d 1818-1912.
|
| 245 |
1 |
4 |
|a The cornucopia :
|b a collection of pieces in prose and rhyme for the Silver Lake stories ... /
|c by Cousin Cicely.
|
| 264 |
|
1 |
|a Auburn [N.Y.] :
|b Alden, Beardsley,
|c 1855.
|
| 300 |
|
|
|a 156 pages, 1 unnumbered leaf of plates :
|b illustrations ;
|c 15 cm.
|
| 336 |
|
|
|a text
|b txt
|2 rdacontent
|
| 337 |
|
|
|a microform
|b h
|2 rdamedia
|
| 338 |
|
|
|a microfilm reel
|b hd
|2 rdacarrier
|
| 490 |
1 |
|
|a Cousin Cicely's Silver Lake stories ;
|v 4
|
| 500 |
|
|
|a Added t.-p.: Cousin Cicely's Silver Lake stories.
|
| 533 |
|
|
|a Microfilm.
|b Woodbridge, Conn. :
|c Research Publications,
|d 1977.
|e 1 microfilm reel ; 35 mm.
|f (American Poetry, 1609-1900 ; Segment III, no. 1769)
|
| 539 |
|
|
|a s
|b 1977
|d ctu
|e n
|
| 500 |
|
|
|a Microform.
|
| 740 |
4 |
|
|a The Silver Lake stories.
|
| 800 |
1 |
|
|a Bradford, Sarah H.
|q (Sarah Hopkins),
|d 1818-
|t Cousin Cicely's Silver Lake stories ;
|v 4.
|
| 999 |
|
|
|a MARS
|
| 999 |
f |
f |
|s e190dc1c-09be-3f84-94a8-48fba5854ca4
|i 7e4cc354-adfe-3180-b89d-9529b6c8bcd6
|t 0
|
| 952 |
f |
f |
|p default
|a Texas A&M University
|b College Station
|c Sterling C. Evans Library
|d Evans: Microforms (3rd floor)
|t 0
|e film B 3870 Segment III, no. 1769
|h Other scheme
|i microform -- microfilm reel
|
| 998 |
f |
f |
|a film B 3870 Segment III, no. 1769
|t 0
|l Evans: Microforms (3rd floor)
|